000 00758nam a2200205Ii 4500
003 JO-AjNU
008 230605s9999||||xx |||||||||||||| ||und||
040 _aJO-AjNU
_bara
_erda
_cJO-AjNU
041 _aara
050 1 4 _aBP70.I27.1994
100 3 _aتأليف: بن سعد، محمد ؛ راجعه وعلق عليه: سهيل كيالي,
_eauthor
_959072
245 0 0 _aالطبقات الكبرى، ج6
250 _aط1
264 3 1 _aبيروت: دار الفكر للنشر والتوزيع، 1994
300 _aج6: 356ص
_bيحتوي على فهرس من ص 334-356
336 _atext
_btxt
_2rdacontent
337 _aunmediated
_bn
_2rdamedia
338 _avolume
_bnc
_2rdacarrier
650 4 _aالصحابة والتابعون - تراجم
_959073
999 _aA26564
_c30132
_d30132